<?xml version="1.0" encoding="UTF-8"?>
<record
    xmlns:xsi="http://www.w3.org/2001/XMLSchema-instance"
    xsi:schemaLocation="http://www.loc.gov/MARC21/slim http://www.loc.gov/standards/marcxml/schema/MARC21slim.xsd"
    xmlns="http://www.loc.gov/MARC21/slim">

  <leader>03497cam a22003615i 4500</leader>
  <datafield tag="999" ind1=" " ind2=" ">
    <subfield code="c">27857</subfield>
    <subfield code="d">27828</subfield>
  </datafield>
  <controlfield tag="001">14877688</controlfield>
  <controlfield tag="003">EG-ScBUE</controlfield>
  <controlfield tag="005">20191203121855.0</controlfield>
  <controlfield tag="008">070604s2008    maua   f b    001 0 eng d</controlfield>
  <datafield tag="020" ind1=" " ind2=" ">
    <subfield code="a">9781405108324 (pbk. : alk. paper)</subfield>
  </datafield>
  <datafield tag="035" ind1=" " ind2=" ">
    <subfield code="a">(OCoLC)ocn141483307</subfield>
  </datafield>
  <datafield tag="040" ind1=" " ind2=" ">
    <subfield code="a">DLC</subfield>
    <subfield code="b">eng</subfield>
    <subfield code="e">rda</subfield>
    <subfield code="c">DLC</subfield>
    <subfield code="d">BAKER</subfield>
    <subfield code="d">YDXCP</subfield>
    <subfield code="d">BWKUK</subfield>
    <subfield code="d">BWK</subfield>
    <subfield code="d">NLGGC</subfield>
    <subfield code="d">BTCTA</subfield>
    <subfield code="d">DEBBG</subfield>
    <subfield code="d">UWW</subfield>
    <subfield code="d">DLC</subfield>
    <subfield code="d">EG-ScBUE</subfield>
  </datafield>
  <datafield tag="082" ind1="0" ind2="4">
    <subfield code="a">410</subfield>
    <subfield code="b">HON</subfield>
    <subfield code="2">22</subfield>
  </datafield>
  <datafield tag="100" ind1="1" ind2=" ">
    <subfield code="a">Honda, Maya,</subfield>
    <subfield code="e">author.</subfield>
  </datafield>
  <datafield tag="245" ind1="1" ind2="0">
    <subfield code="a">Thinking linguistically :</subfield>
    <subfield code="b">a scientific approach to language /</subfield>
    <subfield code="c">Maya Honda and Wayne O'Neil.</subfield>
  </datafield>
  <datafield tag="264" ind1=" " ind2="1">
    <subfield code="a">Malden, MA., USA ;</subfield>
    <subfield code="a">Oxford, UK ;</subfield>
    <subfield code="a">Victoria, Australia :</subfield>
    <subfield code="b">Blackwell Publication Ltd :</subfield>
    <subfield code="c">2008.</subfield>
  </datafield>
  <datafield tag="300" ind1=" " ind2=" ">
    <subfield code="a">x, 253 pages :</subfield>
    <subfield code="b">illustrations ;</subfield>
    <subfield code="c">26 cm</subfield>
  </datafield>
  <datafield tag="336" ind1=" " ind2=" ">
    <subfield code="a">text</subfield>
    <subfield code="b">txt</subfield>
    <subfield code="2">rdacontent</subfield>
  </datafield>
  <datafield tag="337" ind1=" " ind2=" ">
    <subfield code="a">unmediated</subfield>
    <subfield code="b">n</subfield>
    <subfield code="2">rdamedia</subfield>
  </datafield>
  <datafield tag="338" ind1=" " ind2=" ">
    <subfield code="a">volume</subfield>
    <subfield code="b">nc</subfield>
    <subfield code="2">rdacarrier</subfield>
  </datafield>
  <datafield tag="504" ind1=" " ind2=" ">
    <subfield code="a">Includes bibliographical references and index.</subfield>
  </datafield>
  <datafield tag="505" ind1="0" ind2=" ">
    <subfield code="a">Pt. I. Noun pluralization, or how to talk about more than two dogs in Kiowa -- 1. Noun pluralization: an introduction -- 2. Noun pluralization: the role of phonology -- 3. Noun pluralization: morphology meets phonology -- 4. Acquisition of morphophonology -- 5. Noun pluralization: morphology meets syntax and meaning -- 6. Noun pluralization: the interaction of linguistic features -- 7. Noun pluralization: a summary -- Pt. II. Question formation, or how to find out whether the cat is sleeping in Tohono O'odham -- 8. Merge -- 9. Introduction to the syntax of question formation -- 10. Syntactic movement and question formation -- 11. Question formation: a summary -- 12. Acquisition of WH-question formation -- Pt. III. Constraints, or why you can't say wanna whenever you wanna -- 13. Syntactic constraints on contraction in English -- 14. Contraction in English: its acquisition and related topics -- Pt. IV. Meaning and - finally - about counting dogs in Kiowa -- 15. Meaning: an introduction -- 16. Beyond pluralization: inversion and noun modification in Kiowa -- 17. Argument structure: the conceptual system of language -- 18. On thinking linguistically: looking back and looking ahead.</subfield>
  </datafield>
  <datafield tag="520" ind1=" " ind2=" ">
    <subfield code="a">"Thinking Linguistically investigates knowledge of the structure of language and teaches students how to pursue serious, scientific inquiry by doing linguistics. Problem sets, primarily focused on NP pluralization and question formation across language, are integrated into the text in order to guide students through the formulation and evaluation of hypotheses on the basis of linguistic data. Acquisition of the linguistic phenomena of the problem sets is also examined. Developed by two experienced teachers specifically for introductory courses on linguistics and language acquisition, this book enables students to reach conclusions about questions of linguistics while also understanding the reasoning and methodology behind them."</subfield>
  </datafield>
  <datafield tag="650" ind1=" " ind2="7">
    <subfield code="a">Linguistic analysis (Linguistics)</subfield>
    <subfield code="2">BUEsh</subfield>
  </datafield>
  <datafield tag="653" ind1=" " ind2=" ">
    <subfield code="b">HHUUEENN</subfield>
    <subfield code="c">November2019</subfield>
  </datafield>
  <datafield tag="655" ind1=" " ind2="7">
    <subfield code="v">Reading book</subfield>
  </datafield>
  <datafield tag="700" ind1="1" ind2=" ">
    <subfield code="a">O'Neil, Wayne A.,</subfield>
    <subfield code="e">author.</subfield>
  </datafield>
  <datafield tag="776" ind1="0" ind2="8">
    <subfield code="i">Online version:</subfield>
    <subfield code="a">Honda, Maya.</subfield>
    <subfield code="t">Thinking linguistically.</subfield>
    <subfield code="d">Malden, MA ; Oxford : Blackwell Pub., 2008</subfield>
    <subfield code="w">(OCoLC)608305492</subfield>
  </datafield>
  <datafield tag="856" ind1="4" ind2="1">
    <subfield code="3">Table of contents only</subfield>
    <subfield code="u">http://www.loc.gov/catdir/toc/ecip0720/2007022831.html</subfield>
  </datafield>
  <datafield tag="856" ind1="4" ind2="2">
    <subfield code="3">Contributor biographical information</subfield>
    <subfield code="u">http://www.loc.gov/catdir/enhancements/fy0802/2007022831-b.html</subfield>
  </datafield>
  <datafield tag="856" ind1="4" ind2="2">
    <subfield code="3">Publisher description</subfield>
    <subfield code="u">http://www.loc.gov/catdir/enhancements/fy0802/2007022831-d.html</subfield>
  </datafield>
  <datafield tag="942" ind1=" " ind2=" ">
    <subfield code="2">ddc</subfield>
    <subfield code="c">BB</subfield>
  </datafield>
  <datafield tag="952" ind1=" " ind2=" ">
    <subfield code="0">0</subfield>
    <subfield code="1">0</subfield>
    <subfield code="2">ddc</subfield>
    <subfield code="4">0</subfield>
    <subfield code="7">0</subfield>
    <subfield code="8">Baccah</subfield>
    <subfield code="a">MAIN</subfield>
    <subfield code="b">MAIN</subfield>
    <subfield code="c">2ND</subfield>
    <subfield code="d">2019-11-26</subfield>
    <subfield code="e">Purchase</subfield>
    <subfield code="g">202.00</subfield>
    <subfield code="l">0</subfield>
    <subfield code="o">410 HON</subfield>
    <subfield code="p">000048339</subfield>
    <subfield code="r">2025-07-15 00:00:00</subfield>
    <subfield code="v">252.50</subfield>
    <subfield code="w">2019-11-26</subfield>
    <subfield code="y">BB</subfield>
  </datafield>
</record>
